000 00682nam a2200289Ia 4500
005 20260324120451.0
008 008 260324s9999 xx 000 0 eng d
020 _a9780203581490
037 _aEBOOK
040 _aCRL
040 _beng
040 _cCRL
041 _2eng
041 _aeng
084 _qCRL
100 _aZoe Jaques
_91158690
245 0 _aChildren's Literature and the Posthuman
245 0 _bAnimal, Environment, Cyborg
260 _bTaylor and Francis
260 _c2015
365 _a
365 _b240
856 _uhttp://www.taylorfrancis.com/books/9780203581490
942 _cEBOOK
999 _c1750238
_d1750238